000 00643nam a22001817a 4500
003 0
005 20250115144359.0
008 250115b xxu||||| |||| 00| 0 eng d
050 _aPN 780.5
_b.G84 2021
100 _aGuese, Bianca Camille
245 _a21st century literature from the philippines and the world
_c Bianca Camille Gues
260 _aBulacan
_bKLEAFS Publishing
_c2021
300 _aiv, 180 pages :
_billustrations and pictures ;
_c26cm.
504 _aIncludes bibliographical references and glossary.
650 _aWorld literature—21st century.
651 _aPhilippine literature—21st century.
942 _2lcc
_cBK
999 _c366982
_d366982